[Event "AUT-ch U14 Girls"]
[Site "Altenmark"]
[Date "2011.06.13"]
[Round "6"]
[White "Streicher, Hannah"]
[Black "Di Vora, Vanessa"]
[Result "0-1"]
[WhiteElo "1211"]
[BlackElo "1256"]
[PlyCount "64"]
[EventDate "2011.06.11"]
[EventType "swiss"]
[EventRounds "7"]
[EventCountry "AUT"]
[SourceTitle "EXT 2013"]
[Source "ChessBase"]
[SourceDate "2012.11.22"]
[SourceVersion "1"]
[SourceVersionDate "2012.11.22"]
[SourceQuality "1"]

1. e4 e5 2. Nf3 Nf6 3. Bc4 Nc6 4. d3 h6 5. Nc3 Be7 6. Nd5 d6 7. Nxf6+ Bxf6 8. h3 0-0 9. 0-0 Qe7 10. Be3 Nd4 11. Nxd4 exd4 12. Bf4 Be5 13. Bg3 Qg5 14. Qf3 Be6 15. h4 Qg4 16. Qxg4 Bxg4 17. Bb3 Be6 18. Bxe6 fxe6 19. f4 Bf6 20. e5 dxe5 21. fxe5 Be7 22. Rxf8+ Rxf8 23. Bf2 c5 24. g3 b6 25. c3 dxc3 26. bxc3 Rf3 27. d4 Rxc3 28. Kf1 cxd4 29. Bxd4 Rxg3 30. Bf2 Rh3 31. Rc1 Rh1+ 32. Ke2 Rxc1 0-1

[Event "AUT-ch U14 Girls"]
[Site "Altenmark"]
[Date "2011.06.11"]
[Round "1"]
[White "Lasinger, Melanie"]
[Black "Streicher, Hannah"]
[Result "1-0"]
[WhiteElo "1536"]
[BlackElo "1211"]
[PlyCount "115"]
[EventDate "2011.06.11"]
[EventType "swiss"]
[EventRounds "7"]
[EventCountry "AUT"]
[SourceTitle "EXT 2013"]
[Source "ChessBase"]
[SourceDate "2012.11.22"]
[SourceVersion "1"]
[SourceVersionDate "2012.11.22"]
[SourceQuality "1"]

1. e4 c5 2. Nf3 d6 3. d4 cxd4 4. Nxd4 Nf6 5. Nc3 a6 6. Be3 e5 7. Nb3 Nc6 8. f3 Be7 9. Qd2 Be6 10. 0-0-0 0-0 11. Nd5 b5 12. Nxe7+ Qxe7 13. Qxd6 Qxd6 14. Rxd6 Rac8 15. Be2 Nb4 16. Nc5 Nxa2+ 17. Kb1 Nb4 18. b3 Rfd8 19. Rhd1 Rxd6 20. Rxd6 Ne8 21. Rd2 Nc7 22. Rd6 Ne8 23. Rd2 Nc7 24. Bd1 Nc6 25. Rd6 Nb8 26. Nd3 Ne8 27. Rb6 Rd8 28. Kc1 h6 29. Nxe5 Nc7 30. Nc6 Nxc6 31. Rxc6 Rc8 32. Bb6 Na8 33. Rxc8+ Bxc8 34. Bc5 Nc7 35. Be2 Ne6 36. Be3 Kf8 37. Kd2 Ke7 38. Kc3 Kd6 39. Kb4 Kc6 40. Ka5 Bb7 41. c4 Nc7 42. Bb6 bxc4 43. Bxc4 f6 44. Bxc7 Kxc7 45. Bxa6 Bxa6 46. Kxa6 Kc6 47. b4 g5 48. b5+ Kc7 49. Ka7 Kc8 50. b6 Kd7 51. b7 Ke6 52. b8Q f5 53. Qe8+ Kf6 54. e5+ Kg7 55. e6 Kh7 56. Qf7+ Kh8 57. e7 f4 58. e8R# 1-0